1M+ First-Level Subdivisions of South America on a Map - Statistics

General Stats
  • This quiz has been taken 159 times
    84 since last reset
  • The average score is 52 of 94
Answers on the Map
Answers color-coded by a green-red scale on the quiz's map according to % correct below.
 
Answer Stats
Country Type Subdivision % Correct
Uruguay 2020 P Department Montevideo
95%
Brazil 2022 C State Rio de Janeiro
95%
Chile 2017 C Region Santiago
95%
Argentina 2022 C Province Santiago del Estero
95%
Argentina 2022 C City Buenos Aires
93%
Argentina 2022 C Province Buenos Aires
93%
Peru 2022 P Province Lima
93%
Brazil 2022 C State São Paulo
93%
Brazil 2022 C District Federal District
91%
Brazil 2022 C State Amazonas
89%
Bolivia 2020 P Department La Paz
89%
Colombia 2023 P District Capital District
86%
Venezuela 2019 P District Capital District
86%
Bolivia 2020 P Department Santa Cruz
84%
Argentina 2022 C Province Córdoba
81%
Colombia 2023 P Department Córdoba
81%
Brazil 2022 C State Pará
79%
Peru 2022 P Region Cusco
77%
Brazil 2022 C State Mato Grosso
75%
Venezuela 2019 P State Sucre
72%
Brazil 2022 C State Mato Grosso do Sul
70%
Brazil 2022 C State Paraná
70%
Chile 2017 C Region Valparaíso
70%
Brazil 2022 C State Bahia
68%
Brazil 2022 C State Minas Gerais
68%
Brazil 2022 C State Rio Grande do Norte
68%
Colombia 2023 P Department Bolívar
67%
Venezuela 2019 P State Bolívar
67%
Brazil 2022 C State Goiás
67%
Brazil 2022 C State Rio Grande do Sul
67%
Argentina 2022 C Province Santa Fe
65%
Peru 2022 P Region Arequipa
63%
Bolivia 2020 P Department Cochabamba
63%
Argentina 2022 C Province Mendoza
63%
Brazil 2022 C State Pernambuco
63%
Brazil 2022 C State Maranhão
61%
Brazil 2022 C State Piauí
61%
Brazil 2022 C State Santa Catarina
61%
Brazil 2022 C State Tocantins
61%
Brazil 2022 C State Espírito Santo
60%
Brazil 2022 C State Rondônia
60%
Argentina 2022 C Province Tucumán
60%
Brazil 2022 C State Ceará
58%
Argentina 2022 C Province Salta
58%
Brazil 2022 C State Paraíba
56%
Brazil 2022 C State Sergipe
56%
Brazil 2022 C State Alagoas
54%
Peru 2022 P Province Callao
54%
Argentina 2022 C Province Corrientes
54%
Argentina 2022 C Province Misiones
51%
Peru 2022 P Region Loreto
49%
Argentina 2022 C Province Entre Ríos
47%
Venezuela 2019 P State Zulia
47%
Colombia 2023 P Department Antioquia
46%
Argentina 2022 C Province Chaco
46%
Peru 2022 P Region Piura
46%
Chile 2017 C Region Biobío
42%
Colombia 2023 P Department Atlántico
40%
Peru 2022 P Region Ica
40%
Peru 2022 P Region Puno
40%
Colombia 2023 P Department Santander
40%
Colombia 2023 P Department Meta
39%
Paraguay 2022 C Department Central
37%
Colombia 2023 P Department Cundinamarca
37%
Ecuador 2022 C Province Guayas
37%
Peru 2022 P Region Cajamarca
35%
Colombia 2023 P Department Cesar
35%
Venezuela 2019 P State Mérida
35%
Colombia 2023 P Department Norte de Santander
35%
Ecuador 2022 C Province Pichincha
35%
Venezuela 2019 P State Carabobo
33%
Colombia 2023 P Department Cauca
33%
Colombia 2023 P Department La Guajira
33%
Peru 2022 P Region La Libertad
33%
Venezuela 2019 P State Lara
33%
Colombia 2023 P Department Valle del Cauca
33%
Peru 2022 P Region Ancash
32%
Venezuela 2019 P State Anzoátegui
32%
Colombia 2023 P Department Boyacá
32%
Colombia 2023 P Department Caldas
32%
Venezuela 2019 P State Falcón
32%
Chile 2017 C Region Maule
32%
Colombia 2023 P Department Nariño
32%
Colombia 2023 P Department Huila
30%
Peru 2022 P Region Lambayeque
30%
Colombia 2023 P Department Magdalena
30%
Venezuela 2019 P State Miranda
30%
Venezuela 2019 P State Portuguesa
30%
Venezuela 2019 P State Táchira
30%
Colombia 2023 P Department Tolima
30%
Peru 2022 P Region Junín
28%
Ecuador 2022 C Province Manabí
26%
Venezuela 2019 P State Monagas
26%
Venezuela 2019 P State Aragua
25%
No matching quizzes found
Score Distribution
Percent of People with Each Score
Percentile by Number Answered
Your Score History
You have not taken this quiz since the last reset